[Event "Milan Crespi op-B 28th"]
[Site "Milan"]
[Date "2007.12.07"]
[Round "3"]
[White "Fantina, Carla"]
[Black "Cino, Marco"]
[Result "0-1"]
[WhiteElo "1839"]
[BlackElo "1658"]
[PlyCount "104"]
[EventDate "2007.12.06"]
[EventType "swiss"]
[EventRounds "6"]
[EventCountry "ITA"]
[SourceTitle "EXT 2009"]
[Source "ChessBase"]
[SourceDate "2008.11.26"]
[SourceVersion "1"]
[SourceVersionDate "2008.11.26"]
[SourceQuality "1"]

1. c4 c5 2. Nc3 Nc6 3. g3 g6 4. Bg2 Bg7 5. Nf3 Nf6 6. 0-0 0-0 7. e3 d6 8. d4 cxd4 9. exd4 Nb8 10. h3 h6 11. Be3 e6 12. Rc1 Kh7 13. Nh2 a6 14. Qd2 Qc7 15. Ne2 Nbd7 16. Nf4 Ne8 17. Qd3 Ndf6 18. b3 Qd7 19. Nf3 Nc7 20. g4 Ng8 21. Nh5 Bh8 22. g5 Ne8 23. Ng3 Bg7 24. h4 Ne7 25. Nh5 Nf5 26. Nxg7 Nexg7 27. Bf4 h5 28. Qe4 Ra7 29. Be3 Ra8 30. d5 Nxe3 31. fxe3 e5 32. Nd2 Qe7 33. Rf6 Bf5 34. Qf3 Ne8 35. e4 Bg4 36. Qf2 Nxf6 37. gxf6 Qd7 38. c5 dxc5 39. Rxc5 b5 40. Qg3 Qa7 41. b4 a5 42. a3 axb4 43. axb4 Qa1+ 44. Kh2 Qd4 45. Qc3 Qf2 46. Rc6 Ra2 47. Qg3 Qxd2 48. d6 Qxb4 49. Qxe5 Bf3 50. Qe7 Rxg2+ 51. Kh3 Qe1 52. Qe5 Qh1+ 0-1